000 03029cam a2200481 4500
999 _c20315
_d20315
001 1666142964
003 DE-627
005 20200709100427.0
007 tu
008 190522s2019 xx ||||| 00| ||ger c
015 _a19,N21
_2dnb
016 7 _a1186081058
_2DE-101
020 _a9783945610503
_cEUR 20.00 (DE), EUR 20.60 (AT)
020 _a3945610508
024 3 _a9783945610503
035 _a(DE-627)1666142964
035 _a(DE-599)DNB1186081058
035 _a(OCoLC)1107042968
035 _a(DE-101)1186081058
040 _aDE-627
_bger
_cDE-627
_erda
041 _ager
044 _cXA-DE-BE
082 0 _a300
_qDE-101
084 _aAN 73700
_qDE-14/sred
_2rvk
_0(DE-625)rvk/6271:
084 _a06.54
_2bkl
084 _a06.00
_2bkl
245 1 4 _aDie digitale Transformation in Institutionen des kulturellen Gedächtnisses
_bAntworten aus der Informationswissenschaft
_cherausgegeben von Stephan Büttner
264 1 _aBerlin
_bSimon Verlag für Bibliothekswissen
_c2019
300 _a243 Seiten
336 _aText
_btxt
_2rdacontent
337 _aohne Hilfsmittel zu benutzen
_bn
_2rdamedia
338 _aBand
_bnc
_2rdacarrier
520 _aDie digitale Information - kaum ein Beitrag oder Kommentar ohne diesen Begriff - und oft ohne Sachkenntnis. Der Fachbereich Informationswissenschaften der Fachhochschule Potsdam hat sich dem Thema mit folgenden Fragen genähert: Was bedeutet die Digitale Transformation für die Informationswissenschaft? Wie sieht die Fachcommunity dies? Wie werden diese Überlegungen von der Öffentlichkeit wahrgenommen? Die Beiträge aus Deutschland, Österreich und der Schweiz vermitteln einen hervorragenden Einstieg in die Diskussion um die vorherrschenden Themen: Der elektronische Lesesaal, Soziale Netzwerke und Ethik, Digital Literacy, Agiles Lernen, Fake News bei Social Media, Digitale Transformation in der Verwaltung - Forderungen an Smart Cities, Open Innovation, Umbrüche in der Verwaltung und der Darstellung der Objekte in Museen u.a. Der Sammelband vermittelt einen Einblick in die Forderungen an die Zukunft und ihre Herausforderungen - nicht nur für Lehrende und Studierende, sondern für alle.
655 7 _aAufsatzsammlung
_0(DE-588)4143413-4
_0(DE-627)105605727
_0(DE-576)209726091
_2gnd-content
951 _aBO
700 1 _aBüttner, Stephan
_eHerausgeberIn
_0(DE-588)1016469381
_0(DE-627)671325108
_0(DE-576)352259663
_4edt
776 0 8 _iErscheint auch als
_nOnline-Ausgabe
_tDie digitale Transformation in Institutionen des kulturellen Gedächtnisses
_dBerlin : Simon Verlag für Bibliothekswissen, 2019
_h1 Online-Ressource (243 Seiten)
_w(DE-627)1682368521
_z9783945610503
856 4 2 _uhttp://www.gbv.de/dms/weimar/toc/1666142964_toc.pdf
_mV:DE-601
_mB:DE-Wim2
_qapplication/pdf
_3Inhaltsverzeichnis
856 4 2 _uhttp://www.simon-bw.de/books/bibliothekswissenschaft/item/die-digitale-transformation-in-institutionen-des-kulturellen-gedaechtnisse
_qapplication
_yInhaltsbeschreibung
936 b k _a06.54
936 b k _a06.00
942 _2z
_cBK